000 00318nam a2200109Ia 4500
008 220204s9999 xx 000 0 und d
082 _a621.382
_bGUP
100 _aGupta, R G
245 0 _aAudio and video engineering systems: Principles and trouble shooting
260 _aNew DElhi
_bTata McGraw-Hill
_c2006
942 _cBK
999 _c42644
_d42644